000 00219nam a22000977a 4500
999 _c262972
_d262971
020 _a0590101641
100 _aMike Thaler
245 _aWuzzles: Little Word Puzzles
260 _aNew York
_bScholastic
_c1975
942 _cBK